<?xml version="1.0" encoding="UTF-8"?>
<record
    xmlns:xsi="http://www.w3.org/2001/XMLSchema-instance"
    xsi:schemaLocation="http://www.loc.gov/MARC21/slim http://www.loc.gov/standards/marcxml/schema/MARC21slim.xsd"
    xmlns="http://www.loc.gov/MARC21/slim">

  <leader>01590nam a22001457a 4500</leader>
  <datafield tag="999" ind1=" " ind2=" ">
    <subfield code="c">517566</subfield>
    <subfield code="d">517566</subfield>
  </datafield>
  <controlfield tag="008">210720b           ||||| |||| 00| 0 eng d</controlfield>
  <datafield tag="100" ind1=" " ind2=" ">
    <subfield code="a">Dimari, A.K., Srivastava A.K. and Singh B.P. </subfield>
    <subfield code="9">26800</subfield>
  </datafield>
  <datafield tag="245" ind1=" " ind2=" ">
    <subfield code="a">Online and digital education: Issues and concerns for India</subfield>
  </datafield>
  <datafield tag="260" ind1=" " ind2=" ">
    <subfield code="a">Bihar Journal of Public Administration  </subfield>
  </datafield>
  <datafield tag="300" ind1=" " ind2=" ">
    <subfield code="a">17(2), Jul-Dec, 2020: p.553-565</subfield>
  </datafield>
  <datafield tag="520" ind1=" " ind2=" ">
    <subfield code="a">Worldwide lockdown to stop the spread of COVID-19 prevented the execution of economic and non-economic activities, resulting in unrest all-around. Although several sectors were likely to face severe consequences in post lockdown scenario, nevertheless it was also not possible to ignore the guidelines of Ministry of Home Affairs (MHA) and Ministry of Education (MoE) as well as World Health Organization (WHO) as lockdown was considered as an effective means to prevent the spared of Coronavirus. Thus, it was a crucial time for education sector as there was separation among teachers and learners. More importantly, School Board examinations across the country were on final phase of its completion and new academic session was set to commence from early April, were kept on hold. Similarly, university and colleges were preparing for undertaking annual examination. Even after completion of board examination students were all set to appear in the entrance examination such as JEE, NEETS and such other entrance examinations, but this could not happen due to this crisis. &#x2013; Reproduced </subfield>
  </datafield>
  <datafield tag="773" ind1=" " ind2=" ">
    <subfield code="a">Bihar Journal of Public Administration </subfield>
  </datafield>
  <datafield tag="906" ind1=" " ind2=" ">
    <subfield code="a">EDUCATIONAL INNOVATIONS - INDIA</subfield>
  </datafield>
  <datafield tag="942" ind1=" " ind2=" ">
    <subfield code="c">AR</subfield>
  </datafield>
  <datafield tag="952" ind1=" " ind2=" ">
    <subfield code="0">0</subfield>
    <subfield code="1">0</subfield>
    <subfield code="2">ddc</subfield>
    <subfield code="4">0</subfield>
    <subfield code="7">0</subfield>
    <subfield code="9">391635</subfield>
    <subfield code="a">IIPA</subfield>
    <subfield code="b">IIPA</subfield>
    <subfield code="d">2021-07-20</subfield>
    <subfield code="h">17(2), Jul-Dec, 2020: p.553-565</subfield>
    <subfield code="p">AR124845</subfield>
    <subfield code="r">2021-07-20</subfield>
    <subfield code="y">AR</subfield>
  </datafield>
</record>
